000 00626nam a2200181Ia 4500
008 151018s9999 xx 000 0 und d
082 _bRBASDV22847
_a891.463
100 _aप्रतिभा रायकर
245 _aहा खेळ भावनांचा
250 _b1
260 _bप्रिया प्रकाशन मुंबई
_c1990
300 _a194
600 _aप्रतिभा रायकर
630 _aहा खेळ भावनांचा
700 _aप्रतिभा रायकर
730 _aहा खेळ भावनांचा
942 _cBOOK
999 _c1022513
_d1022510